Loading...
Sainikante premalekhanam /
| Hovedforfatter: | |
|---|---|
| Format: | Printed Book |
| Sprog: | English |
| Udgivet: |
Kotayam:
D C Books,
c2013.
|
| Fag: |
| LEADER | 00527 a2200157 4500 | ||
|---|---|---|---|
| 008 | 150103s9999 000 0 eng | ||
| 020 | |a 9788126443109 | ||
| 082 | |a 811.854 | ||
| 100 | |a Sankara Pillai, K.G. | ||
| 245 | |a Sainikante premalekhanam / | ||
| 260 | |a Kotayam: |b D C Books, |c c2013. | ||
| 300 | |a 109 p. | ||
| 650 | |a Malayalam poems | ||
| 942 | |c BK | ||
| 999 | |c 308521 |d 308521 | ||
| 952 | |0 0 |1 0 |2 ddc |4 0 |6 811_854000000000000_SAN_SA |7 0 |9 354072 |a DRA |b DRA |c ST1 |d 2017-07-17 |i 9915 |l 0 |o 811.854 SAN/SA |p DRA9915 |r 2019-01-03 |v 75.00 |w 2019-01-03 |y BK | ||